| 000 | 00531nam a2200157Ia 4500 | ||
|---|---|---|---|
| 008 | 170221s9999 xx 000 0 und d | ||
| 100 | _aHongyu Sun | ||
| 245 | _aInsightful Causes and Potential Resolutions for Spectrum Crisis in ISM Bands: A Survey | ||
| 245 | _cHongyu Sun, Zhiyi Fang, Xiaoyun Liu, and Zheng Lu | ||
| 260 | _bJournal of Communications | ||
| 260 | _c2015 | ||
| 300 | _a35 : 1 | ||
| 650 | _xCommunication | ||
| 650 | _xMedia Arts | ||
| 856 | _uhttp://www.jocm.us/index.php?m=content&c=index&a=lists&catid=166 | ||
| 999 |
_c310628 _d310628 |
||